000 00465nam a2200169Ia 4500
001 73512
008 160622s9999||||xx |||||||||||||| ||und||
020 _a9780199066063
040 _cPK-LaUMT
082 _a 954.035
_bWOL-S
100 _aWolpert, Stanley
245 _aShameful flight
_bthe last years of the British empire in India/
_cWolpert, Stanley
260 _aOxford,USA:
_bOxford University Press,
_c2006
300 _a238 p.
546 _aEN
942 _cBK
999 _c86621
_d86621